Sổ tay thiết kế cơ khí

Tập 1 có 9 chương bao hàm các nội dung về các vấn đề kỹ thuật chung, thiết kế có sự trợ giúp của máy tính PC, vật liệu chế tạo máy, dung sai và lắp ghép, nhám bề mặt, các yếu tố của thiết kế máy và thiết bị......

Cur síos iomlán

Đã lưu trong:
Sonraí Bibleagrafaíochta
Príomhúdar: Hà, Văn Vui
Formáid: Leabhar
Teanga:Undetermined
Foilsithe: Hà Nội Khoa học và Kỹ thuật 2006
Ábhair:
Clibeanna: Cuir Clib Leis
Gan Chlibeanna, Bí ar an gcéad duine leis an taifead seo a chlibeáil!
Thư viện lưu trữ: Trung tâm Học liệu Trường Đại học Cần Thơ
LEADER 00920nam a2200205Ia 4500
001 CTU_118016
008 210402s9999 xx 000 0 und d
020 |c 125000 
082 |a 620.1 
082 |b V510/T1 
100 |a Hà, Văn Vui 
245 0 |a Sổ tay thiết kế cơ khí 
245 0 |c Hà Văn Vui, Nguyễn Chí Sáng, Phan Đăng Phong 
260 |a Hà Nội 
260 |b Khoa học và Kỹ thuật 
260 |c 2006 
520 |a Tập 1 có 9 chương bao hàm các nội dung về các vấn đề kỹ thuật chung, thiết kế có sự trợ giúp của máy tính PC, vật liệu chế tạo máy, dung sai và lắp ghép, nhám bề mặt, các yếu tố của thiết kế máy và thiết bị... 
650 |a Mechanics 
904 |i Hiếu 
980 |a Trung tâm Học liệu Trường Đại học Cần Thơ